[Event "WLS-ch"]
[Site "Cardiff"]
[Date "1996.??.??"]
[Round "5"]
[White "Downey, Kevin"]
[Black "Price, C."]
[Result "1/2-1/2"]
[WhiteElo "2055"]
[BlackElo "2135"]

1.c4 e6 2.Nf3 d5 3.d4 Nf6 4.Nc3 Be7 5.Bg5 O-O 6.e3 h6 7.Bh4 b6 8.Be2 Bb7
9.Bxf6 Bxf6 10.cxd5 exd5 11.Qb3 c6 12.O-O Nd7 13.Rad1 Be7 14.Bd3 Bd6 15.e4 dxe4
16.Nxe4 Bc7 17.Bb1 Nf6 18.Rfe1 Re8 19.Ne5 Qe7 20.Qc2 Nxe4 21.Qxe4 g6 22.Qf3 Kg7
23.Re3 Bxe5 24.Rxe5 Qd6 25.Qe2 Ba6 26.Qe1 Kf8 27.Bc2 Rad8 28.h3 Rxe5 29.dxe5 Qe7
30.Rxd8+ Qxd8 31.Qe3 Kg7 32.Bb3 Qg5 33.Qc3 Kf8 34.e6 fxe6 35.Bxe6 Bb5 36.Qf3+ Ke7
37.Qf7+ Kd6 38.Qd7+ Kc5 39.Qg7 Qc1+ 40.Kh2 Qf4+  1/2-1/2

[Event "Cetinje"]
[Site "Cetinje"]
[Date "1996.??.??"]
[Round "?"]
[White "Tregubov, Pavel V"]
[Black "Vukovic, Zdravko"]
[Result "1-0"]
[WhiteElo "2470"]
[BlackElo "2475"]

1.c4 e6 2.Nf3 d5 3.b3 Be7 4.g3 Bf6 5.d4 c5 6.cxd5 cxd4 7.Bb2 d3 8.Nc3 exd5
9.Qxd3 Nc6 10.Bg2 Nge7 11.O-O O-O 12.Rfd1 Re8 13.Qd2 Bf5 14.Ne1 Rc8 15.Nxd5 Nxd5
16.Bxd5 Bxb2 17.Qxb2 Qe7 18.Rd2 Ne5 19.Qd4 b6 20.Rad1 h6 21.Ng2 Bc2 22.Re1 Red8
23.Ne3 Bg6 24.Red1 Kf8 25.Qf4 Rd6 26.Bxf7 Rf6 27.Nd5 Rxf4 28.Nxe7 Kxe7 29.Bxg6  1-0

[Event "Capablanca mem-C"]
[Site "Cienfuegos"]
[Date "1996.??.??"]
[Round "10"]
[White "Paneque, Pedro"]
[Black "Espinosa, Julio"]
[Result "1/2-1/2"]
[WhiteElo "2370"]
[BlackElo "2335"]

1.c4 e6 2.Nf3 d5 3.b3 c6 4.g3 b5 5.Bg2 Ba6 6.cxd5 cxd5 7.O-O Nf6 8.d4 Nbd7
9.Bf4 Be7 10.a3 O-O 11.b4 Bb7 12.Nc3 Rc8 13.Rc1 Qb6 14.Ne5 a5 15.Nd3 axb4
16.axb4 Rc4 17.e3 Bxb4 18.Nxb4 Rxb4 19.Bc7 Qa6 20.Ra1 Qc6 21.Na2 Ra4 22.Rc1 Qa6
23.Nc3 Rc4 24.Bf4 Rfc8 25.Ne2 b4 26.Rb1 Bc6 27.Nc1 Ba4 28.Qe2 Bb5 29.Qd1 Ne4
30.Bxe4 dxe4 31.Re1 Nb6 32.Qg4 f5 33.Qg5 Ba4 34.g4 Qb5 35.Be5 Qd7 36.Ne2 h6
37.Qg6 Nd5 38.Ng3 Qf7 39.Qxf7+ Kxf7 40.gxf5 b3 41.Nxe4 exf5 42.Nd6+ Ke6 43.Nxc8 Rxc8
44.Rb2 Rc2 45.Reb1 Rxb2 46.Rxb2 Nb6 47.Bxg7 Kd5 48.f3 Nc4 49.Re2 b2 50.e4+ fxe4
51.fxe4+ Kd6 52.Bf8+ Kd7 53.Rxb2 Nxb2 54.Bxh6  1/2-1/2

[Event "Politiken Cup"]
[Site "Copenhagen"]
[Date "1996.??.??"]
[Round "9"]
[White "Clausen, Steen"]
[Black "Bogdanovich, Grigory"]
[Result "0-1"]
[WhiteElo "2255"]
[BlackElo "2375"]

1.c4 e6 2.Nf3 d5 3.g3 c6 4.Bg2 Nf6 5.O-O Nbd7 6.d3 Bd6 7.Nc3 e5 8.cxd5 Nxd5
9.e4 Nxc3 10.bxc3 O-O 11.d4 Qe7 12.Re1 Rd8 13.Qb3 h6 14.a4 b6 15.Nd2 Ba6
16.Nc4 Bxc4 17.Qxc4 Rac8 18.Be3 Rc7 19.f4 exd4 20.cxd4 Bb4 21.Re2 Nf6 22.Bf3 a5
23.Bf2 Qd7 24.Kg2 b5 25.Qc2 Rdc8 26.h3 bxa4 27.Qxa4 Re8 28.Qc2 Ra8 29.Qc4 Rcc8
30.g4 Qc7 31.Bg3 Qb7 32.g5 hxg5 33.fxg5 Nd7 34.Bg4 Re8 35.Rf1 Nf8 36.Ref2 Re7
37.Bh5 g6 38.Be2 Ra7 39.Be5 c5 40.Bd3 cxd4 41.Bxd4 Rxe4 42.Rf3 Rf4 43.Kg3 Rxf3+
44.Rxf3 Qc7+ 45.Qxc7 Rxc7 46.Bb5 Ne6 47.Bf6 Rc5 48.Be8 Kf8 49.Ba4 Nxg5 50.Re3 Ne6
51.Bd7 Rf5 52.Bd8 Bd6+ 53.Kg2 Nf4+ 54.Kf3 Ne6+ 55.Kg2 Be7 56.Bb6 Bc5 57.Bxc5+ Rxc5
58.Bxe6 fxe6 59.Rxe6 Kg7 60.Ra6 Rc2+ 61.Kg3 Ra2 62.Kg4 Kh6 63.Ra8 Ra4+ 64.Kg3 Ra1
65.Rh8+ Kg7 66.Ra8 Ra4 67.Ra6 Kf7 68.Rb6 Rb4 69.Ra6 a4 70.h4 Kg7 71.Kh3 Kh7
72.Kg3 Kh6 73.Ra5 Rb3+ 74.Kg4 Ra3 75.h5 Ra1 76.hxg6 a3 77.Kf3 Kxg6 78.Ra6+ Kf5
79.Ra5+ Ke6 80.Ra6+ Kd5 81.Ra8 Kc4 82.Rc8+ Kb3 83.Rb8+ Ka2 84.Ke2 Rb1 85.Ra8 Rb3
86.Rd8 Kb2 87.Rd2+ Kc3 88.Rd6 Kc4 89.Rd8 Rb2+ 90.Ke3 a2 91.Ra8 Kc3  0-1

[Event "CZE-chT1 9596"]
[Site "CZE"]
[Date "1996.??.??"]
[Round "?"]
[White "Tupy, Martin"]
[Black "Dolezal, Radoslav Jr"]
[Result "0-1"]
[WhiteElo "2195"]
[BlackElo "2260"]

1.c4 e6 2.Nf3 d5 3.d4 Nd7 4.g3 c6 5.Bg2 Ngf6 6.O-O Be7 7.Nbd2 O-O 8.b3 b5
9.Qc2 Ba6 10.Rd1 c5 11.dxc5 Bxc5 12.Rb1 Bxf2+ 13.Kh1 Ng4 14.Nf1 Bb6 15.e3 bxc4
16.h3 cxb3 17.axb3 Rc8  0-1

[Event "CZE-chT2c 9596"]
[Site "CZE"]
[Date "1996.??.??"]
[Round "3"]
[White "Svitek, Jiri"]
[Black "Hrabe, Petr"]
[Result "0-1"]
[WhiteElo "2175"]
[BlackElo "2305"]

1.c4 e6 2.Nf3 d5 3.cxd5 exd5 4.d4 c5 5.Nc3 Nc6 6.g3 Nf6 7.Bg5 cxd4 8.Nxd4 Be7
9.Bg2 O-O 10.O-O h6 11.Be3 Re8 12.h3 Bb4 13.Rc1 Be6 14.Qa4 Bxc3 15.Rxc3 Bd7
16.Nxc6 Bxc6 17.Qd4 a6 18.Rd1 Qd7 19.Rc2 Qf5 20.Qd3 Qh5 21.g4 Qh4 22.Qf5 Ne4
23.Rd4 Re6 24.Bxe4 dxe4 25.Kg2 Rf6 26.Qe5 Rxf2+ 27.Bxf2 e3+ 28.Rxc6 Qxf2+
29.Kh1 Qf1+ 30.Kh2 Qxe2+ 31.Kh1 bxc6 32.Qe7 Qxb2 33.Rd8+ Rxd8 34.Qxd8+ Kh7
35.Qd3+ g6 36.Qxe3 Qxa2 37.h4 Qd5+ 38.Kh2 h5 39.gxh5 Qxh5 40.Qe7 Qd5 41.Kg3  0-1

[Event "DEN-ch"]
[Site "?"]
[Date "1996.??.??"]
[Round "1"]
[White "Andreasen, Per"]
[Black "Hansen, Sune Berg"]
[Result "0-1"]
[WhiteElo "2325"]
[BlackElo "2495"]

1.Nf3 e6 2.c4 d5 3.b3 Be7 4.Bb2 Nf6 5.g3 a5 6.a3 O-O 7.Bg2 c5 8.cxd5 exd5
9.d4 b6 10.Nc3 Bb7 11.O-O Na6 12.e3 h6 13.Rc1 Qc8 14.Ne5 Rd8 15.Na4 Qe6 16.f4 Rab8
17.f5 Qd6 18.Ng4 Rbc8 19.dxc5 bxc5 20.Be5 Qc6 21.Nc3 Ba8 22.Bxf6 Bxf6 23.Nxf6+ gxf6
24.Qh5 Kg7 25.Rf4 Qe8 26.e4 d4 27.Rh4 Qh8 28.Nd5 Bxd5 29.exd5 Rd7 30.Qg4+ Kh7
31.Qe2 Rd6 32.Qb5 Qe8 33.Qd3 Rb8 34.Be4 Qf8 35.Kf2 Rdb6 36.g4 Nc7 37.g5 fxg5
38.f6+ Kh8 39.Rh5 Rxf6+ 40.Kg2 Qd6 41.h4 Nxd5  0-1

[Event "Asia-ch"]
[Site "Dubai"]
[Date "1996.??.??"]
[Round "?"]
[White "Aung Aung"]
[Black "Handoko, Edhi"]
[Result "0-1"]
[WhiteElo "2205"]
[BlackElo "2480"]

1.c4 e6 2.Nf3 d5 3.e3 Nf6 4.Nc3 c6 5.Be2 Bd6 6.d4 Nbd7 7.O-O O-O 8.b3 b6
9.Bb2 Bb7 10.Bd3 Qe7 11.e4 dxe4 12.Nxe4 Nxe4 13.Bxe4 Rad8 14.Qe2 Nf6 15.Bc2 c5
16.dxc5 Bxc5 17.Rad1 Ng4 18.Rd3 Rxd3 19.Qxd3 f5 20.Qe2 Rd8 21.Bc1 Bd6 22.h3 Bxf3
23.gxf3 Nf6 24.f4 Bc5 25.Re1 Re8 26.Bb2 Qf7 27.Kh2 Qg6 28.Rg1 Qh6 29.Rg5 Bd6
30.Rg1 Qxf4+ 31.Kg2 Qh2+ 32.Kf1 Qxh3+ 33.Ke1 Qh2 34.Kf1 Qh3+ 35.Ke1 Bb4+
36.Kd1 Qh2 37.Rf1 Qf4 38.Bxf6 gxf6 39.Bd3 Qd4 40.Kc2 Qe5 41.Rg1+ Kh8 42.Qxe5 fxe5
43.a4 Ba3 44.f3 Bc5 45.Re1 Bd4 46.b4 Re7 47.Kb3 h5 48.Rc1 Rc7 49.Rh1 Rh7
50.Rc1 h4 51.Bf1 h3 52.c5 bxc5 53.bxc5 h2 54.Bg2 Rg7 55.c6 Bb6  0-1

[Event "Eislingen team U26"]
[Site "Eislingen"]
[Date "1996.??.??"]
[Round "2"]
[White "Janoschka, Arnd"]
[Black "Hammes, Michael"]
[Result "1-0"]
[WhiteElo "2235"]
[BlackElo "2305"]

1.c4 e6 2.Nf3 d5 3.g3 Nf6 4.Bg2 Be7 5.O-O O-O 6.d4 dxc4 7.Na3 Bxa3 8.bxa3 Bd7
9.Ne5 Bc6 10.Nxc6 Nxc6 11.Bxc6 bxc6 12.Bg5 Qd5 13.Bxf6 gxf6 14.Rc1 Rfd8 15.Qa4 Qxd4
16.Rxc4 Qe5 17.e3 Rd6 18.Rxc6 Rxc6 19.Qxc6 Rd8 20.Rc1 f5 21.h4 Rd2 22.Qxc7 Qb2
23.Rf1 Qxa3 24.Rb1 Qd6 25.Rb8+ Kg7 26.Qc3+ e5 27.Qc8 Qg6 28.Qh8+ Kh6 29.Rg8 Rd1+
30.Kh2  1-0

[Event "RUS-ch"]
[Site "Elista"]
[Date "1996.??.??"]
[Round "10"]
[White "Namgilov, Sogto"]
[Black "Tsebekov, Hongr"]
[Result "0-1"]
[WhiteElo "2495"]
[BlackElo "2240"]

1.c4 e6 2.Nf3 d5 3.d4 Be7 4.Nc3 c6 5.g3 Nf6 6.Bg2 O-O 7.O-O dxc4 8.Ne5 Nbd7
9.Nxc4 Nb6 10.Na5 Bb4 11.Nb3 a5 12.a4 Nbd5 13.Qc2 Be7 14.Na2 b6 15.e4 Nb4
16.Nxb4 Bxb4 17.Rd1 Bb7 18.h3 Rc8 19.Be3 Nd7 20.Nd2 Qe7 21.Nc4 b5 22.Nd2 Nb6
23.b3 c5 24.dxc5 Bxc5 25.Qd3 bxa4 26.bxa4 Rfd8 27.Qb3 Ba6 28.Bxc5 Qxc5 29.Rac1 Qxc1
30.Rxc1 Rxc1+ 31.Kh2 Rxd2 32.Qxb6 Bc8 33.Qxa5 Rcc2 34.e5 g6 35.Be4 Ra2 36.g4 Rxf2+
37.Kg3 Rfd2 38.Qa8 Ra3+ 39.Kh4 Kg7 40.Qxc8 g5+ 41.Kxg5 h6+ 42.Kh4 Rh2 43.Bg2 Rxg2
44.Qc1 Rgg3 45.Qf1 Rgf3 46.Qg2 Rfe3 47.Qh2 Rxa4 48.Kh5 Raa3 49.h4 Ra5 50.g5 hxg5
51.hxg5 Rexe5 52.Qb2 Kh7 53.Qc2+ Rf5 54.Kh4 Kg7 55.Qc3+ Rae5 56.Kg4 Rxg5+
57.Kf4 Rf5+ 58.Kg4 Kg6 59.Qc8 Rg5+ 60.Kf4 Ref5+ 61.Ke3 Kg7 62.Qc3+ e5 63.Qc7 Rf4
64.Qd6 Rgg4 65.Ke2 f6 66.Qe7+ Kg6 67.Qe8+ Kg5 68.Qg8+ Kh4 69.Qh7+ Kg5 70.Qd7 f5
71.Qh7 Re4+ 72.Kd2 Rg2+ 73.Kd1 Rd4+ 74.Ke1 Rf4 75.Qg8+ Kh4 76.Qh7+ Kg3 77.Qg7+ Kf3
78.Qb7+ e4 79.Qb3+ Kg4 80.Qg8+ Kh3 81.Qh7+ Kg3 82.Qg6+ Kf3 83.Qh5+ Rgg4 84.Qh2 Rh4
85.Qg1 Rh3 86.Kd2 Rg3 87.Qb6 Kg2 88.Ke2 Rff3 89.Ke1 Re3+ 90.Kd2 Rd3+ 91.Kc2 f4
92.Qf6 Kf3 93.Qf5 Rg2+ 94.Kc1 Re3 95.Kd1 Rg1+ 96.Kd2 Re2+ 97.Kc3 Rg4 98.Kd4 Kg3
99.Qe5 Rd2+ 100.Kc3 e3 101.Qe4 Kf2 102.Qf5 Kg3 103.Qe4 Rf2 104.Qh1 e2 105.Qg1+ Rg2
106.Qe1+ Kh2 107.Kd3 R4g3+ 108.Ke4 f3 109.Kf5 Rg1 110.Qd2 Rh3 111.Kf4 Kh1
112.Qd7 Rh4+ 113.Kxf3  0-1

[Event "FRA-ch"]
[Site "France"]
[Date "1996.??.??"]
[Round "11"]
[White "Anic, Darko"]
[Black "Hauchard, Arnaud"]
[Result "1-0"]
[WhiteElo "2455"]
[BlackElo "2500"]

1.c4 e6 2.Nf3 d5 3.b3 Be7 4.Bb2 Bf6 5.Nc3 Ne7 6.g3 dxc4 7.bxc4 c5 8.Bg2 Nbc6
9.O-O b6 10.Qb1 Bb7 11.Ne4 Bxb2 12.Qxb2 Nd4 13.Nxd4 cxd4 14.Nf6+ gxf6 15.Bxb7 Rb8
16.Bg2 Rc8 17.a4 O-O 18.d3 Nc6 19.Bxc6 Rxc6 20.a5 e5 21.axb6 axb6 22.Ra7 Re8
23.Rfa1 Kg7 24.Qb5 Ree6 25.Qd5 Rcd6 26.Qb7 Qe8 27.Ra8 Qd7 28.Qb8 Qe7 29.Qh8+ Kh6
30.Rg8  1-0

[Event "FRA-ch"]
[Site "France"]
[Date "1996.??.??"]
[Round "14"]
[White "Bauer, Christian"]
[Black "Marciano, David"]
[Result "1/2-1/2"]
[WhiteElo "2465"]
[BlackElo "2480"]

1.c4 e6 2.Nf3 d5 3.d4 Nf6 4.g3 dxc4 5.Qa4+ Nbd7 6.Bg2 a6 7.Qxc4 b5 8.Qc6 Rb8
9.Bf4 Nd5 10.Bg5 Be7  1/2-1/2

[Event "Frydek-Mistek op"]
[Site "Frydek-Mistek"]
[Date "1996.??.??"]
[Round "8"]
[White "Kalinin, Oleg"]
[Black "Buturin, Vladimir"]
[Result "1/2-1/2"]
[WhiteElo "2420"]
[BlackElo "2445"]

1.c4 e6 2.Nf3 d5 3.d4 Nf6 4.Nc3 Be7 5.Bg5 h6 6.Bh4 O-O 7.cxd5 Nxd5 8.Bxe7 Qxe7
9.Qb3 c6 10.Rc1 Nxc3 11.Qxc3 b6 12.e3 Bb7 13.Be2 Nd7 14.O-O c5 15.dxc5 Nxc5
16.b4 Na6 17.a3 Rac8 18.Qb3 Nb8 19.Qa4 a6 20.Nd4 Rc7 21.Bf3 Bxf3 22.Nxf3 Rfc8
23.Rxc7 Qxc7 24.Rd1 b5 25.Qb3 Nd7  1/2-1/2

[Event "BEL-ch"]
[Site "Geel"]
[Date "1996.??.??"]
[Round "1"]
[White "Cekro, Ekrem"]
[Black "Vandevoort, Pascal"]
[Result "0-1"]
[WhiteElo "2410"]
[BlackElo "2275"]

1.c4 e6 2.Nf3 d5 3.e3 Nf6 4.b3 Be7 5.Bb2 O-O 6.d4 b6 7.Nbd2 Bb7 8.Bd3 Nbd7
9.O-O dxc4 10.bxc4 c5 11.Qb3 Qc7 12.Rac1 Rad8 13.Bb1 Rfe8 14.Rfe1 Bd6 15.h3 h6
16.a4 a6 17.Rcd1 Ba8 18.Ba1 e5 19.dxe5 Nxe5 20.Nxe5 Bxe5 21.Bxe5 Rxe5 22.Nf1 Rde8
23.f3 Rg5 24.Kf2 Bc6 25.Bc2 b5 26.axb5 axb5 27.h4 bxc4 28.Qxc4 Rh5 29.Ng3 Bd5
30.Qc3 Rxh4 31.Nf5 Rc4 32.Qd3 Qe5 33.e4 Be6 34.Nd6 Rd4 35.Nxe8 Rxd3 36.Nxf6+ Qxf6
37.Rxd3 c4 38.Rd2 Qb2 39.e5 g6  0-1

[Event "Geneve op"]
[Site "Geneve"]
[Date "1996.??.??"]
[Round "4"]
[White "Razuvaev, Yuri S"]
[Black "Gurevich, Dmitry"]
[Result "1-0"]
[WhiteElo "2580"]
[BlackElo "2535"]

1.c4 e6 2.Nf3 d5 3.d4 c6 4.Qc2 Nf6 5.Bg5 Bb4+ 6.Nbd2 h6 7.Bxf6 Bxd2+ 8.Nxd2 Qxf6
9.e3 e5 10.cxd5 exd4 11.Qe4+ Kd8 12.Nf3 dxe3 13.O-O-O Re8 14.dxc6+ Nd7 15.c7+  1-0

[Event "BL2-N9596"]
[Site "Germany"]
[Date "1996.??.??"]
[Round "?"]
[White "Hochgraefe, Markus"]
[Black "Bagirov, Vladimir"]
[Result "0-1"]
[WhiteElo "2270"]
[BlackElo "2515"]

1.c4 e6 2.Nf3 d5 3.d4 Nf6 4.Nc3 c6 5.cxd5 exd5 6.Bg5 h6 7.Bh4 Bf5 8.e3 Nbd7
9.Bd3 Bxd3 10.Qxd3 Be7 11.O-O-O O-O 12.Bxf6 Nxf6 13.Rhg1 Bb4 14.Kb1 Re8 15.g4 Bxc3
16.Qxc3 Ne4 17.Qe1 Rc8 18.h4 Qf6 19.Qe2 c5 20.dxc5 Rxc5 21.g5 hxg5 22.hxg5 Qf5
23.Ka1 Rec8 24.Nd4 Qxf2 25.a3 Qxe2 26.Nxe2 g6 27.Nf4 Kg7 28.Rxd5 Rxd5 29.Nxd5 Rc5
30.Rg4 Rxd5 31.Rxe4 Rxg5 32.Re7 Rb5 33.b4 g5 34.Kb2 g4 35.Rd7 g3 36.Rd2 Re5
37.Re2 f5 38.Kc3 f4 39.Kd4 f3  0-1

[Event "BL2-W9596"]
[Site "Germany"]
[Date "1996.??.??"]
[Round "?"]
[White "Balster, Stefan"]
[Black "Elsen, Mark"]
[Result "1-0"]
[WhiteElo "2290"]
[BlackElo "2225"]

1.c4 e6 2.Nf3 d5 3.b3 Nf6 4.Bb2 a5 5.g3 a4 6.Bg2 c6 7.O-O b5 8.cxb5 cxb5
9.d3 Be7 10.Ne5 a3 11.Bd4 b4 12.Nd2 O-O 13.Rc1 Ra6 14.Rc2 Ne8 15.Bc5 Bxc5
16.Rxc5 f6 17.Qc1 Bb7 18.Nef3 Nd7 19.Rc2 Nd6 20.Nd4 Re8 21.Bh3 Nf8 22.Rc7 Ba8
23.f4 Nc4 24.Nb5 Nxd2 25.Qxd2 Ra5 26.Qxb4 Rxb5 27.Qxb5 Qxc7 28.Qxe8 Qc5+
29.Kh1 d4+ 30.Qxa8  1-0

[Event "BL2-O9596"]
[Site "Germany"]
[Date "1996.??.??"]
[Round "?"]
[White "Derichs, Roger"]
[Black "Ginsburg, Gennadij"]
[Result "0-1"]
[WhiteElo "2295"]
[BlackElo "2460"]

1.c4 e6 2.Nf3 d5 3.d4 Nf6 4.Nc3 Be7 5.Bg5 O-O 6.e3 h6 7.Bh4 b6 8.Be2 Bb7
9.Bxf6 Bxf6 10.cxd5 exd5 11.O-O Qe7 12.Qb3 Rd8 13.Rfd1 c6 14.Rd2 Nd7 15.Rc1 Nf8
16.a3 Ne6 17.Qa4 c5 18.Ba6 cxd4 19.Nxd4 Nc5 20.Bxb7 Nxa4 21.Bxa8 Nxc3 22.Nc6 Qc5  0-1

[Event "BL2-N9596"]
[Site "Germany"]
[Date "1996.??.??"]
[Round "?"]
[White "Schulze, Sven"]
[Black "Giehring, Sebastian"]
[Result "1/2-1/2"]
[WhiteElo "2185"]
[BlackElo "2235"]

1.c4 e6 2.Nf3 d5 3.b3 Be7 4.e3 Bf6 5.d4 c5 6.Bb2 Nc6 7.cxd5 exd5 8.Be2 Nge7
9.Bc3 cxd4 10.Nxd4 Nxd4 11.Bxd4 Nc6 12.Bb5 O-O 13.Bxf6 Qxf6 14.Nd2 Bg4 15.f3 Bf5
16.Bxc6 Qxc6 17.O-O Rfe8 18.Re1 Rac8 19.Nf1 Qe6 20.Qd4 Rc2 21.Rec1 Rec8 22.Rxc2 Rxc2
23.e4 Bh3 24.Ne3 Re2 25.Qd3 Qe5 26.Qxe2 Qxa1+ 27.Kf2 d4 28.gxh3 dxe3+ 29.Kxe3 g6
30.Qd2 Qg1+ 31.Qf2 Qg5+ 32.Ke2 Qa5 33.Kf1 Qb5+ 34.Qe2 Qe5 35.Qd2 h5 36.h4 Kg7
37.Kg2 Kg8 38.Qd8+ Kg7 39.Qd2 Kg8 40.Qf2 a6 41.Qc2 Kg7 42.Qd2  1/2-1/2

[Event "Landesliga N9596 Bayern"]
[Site "Germany"]
[Date "1996.??.??"]
[Round "?"]
[White "Strube, Frank"]
[Black "Koepf, Reinhard"]
[Result "1-0"]
[WhiteElo "2125"]
[BlackElo "1910"]

1.c4 e6 2.Nf3 d5 3.d4 f5 4.g3 Nf6 5.Bg2 c6 6.O-O Bd6 7.Nc3 O-O 8.b3 Nbd7
9.Bf4 Bb4 10.Qc2 Ne4 11.Nxe4 fxe4 12.Ne5 Nf6 13.f3 exf3 14.exf3 Bd7 15.Nd3 Be7
16.Rae1 Be8 17.Bh3 Bg6 18.Bxe6+ Kh8 19.c5 b6 20.cxb6 Qxb6 21.Qc3 a5 22.Nc5 Ra7
23.Rf2 h6 24.Bh3 Ng8 25.Qd2 Rd8 26.Be5 Bg5 27.f4 Bf6 28.Rfe2 Bh5 29.g4 Bg6
30.g5 Bxe5 31.Rxe5 h5 32.f5 Bh7 33.g6 Nf6 34.gxh7 Kxh7 35.Qf2 Qb4 36.Re7 Rxe7
37.Rxe7 Rg8 38.Rc7 Qb6 39.Re7 Qd8 40.Ra7 Qb6 41.Rb7 Qd8 42.Qg3  1-0

[Event "Goch op"]
[Site "Goch"]
[Date "1996.??.??"]
[Round "3"]
[White "Podzielny, Karl Heinz"]
[Black "Bock, Juergen"]
[Result "1-0"]
[WhiteElo "2490"]
[BlackElo "2195"]

1.c4 e6 2.Nf3 d5 3.d4 c5 4.cxd5 exd5 5.Nc3 Nc6 6.g3 Nf6 7.Bg2 Be7 8.O-O O-O
9.dxc5 Bxc5 10.Bg5 d4 11.Bxf6 Qxf6 12.Nd5 Qd8 13.Nd2 Re8 14.Rc1 Bb6 15.Nc4 Bg4
16.Re1 Ba5 17.Nxa5 Qxa5 18.Nf4 Rad8 19.h3 Bf5 20.a3 Be4 21.Bxe4 Rxe4 22.Qd3 Rde8
23.b4 Qg5 24.Rc5 R4e5 25.Rec1 a6 26.Rxe5 Qxe5 27.Rc5 Qe7 28.h4 g6 29.Qf3 Kg7
30.h5 a5 31.Rb5 axb4 32.axb4 Rb8 33.Nd3 Qd6 34.Rd5 Qe7 35.b5 Nb4 36.Nxb4 Qxb4
37.h6+ Kg8 38.Rd7 Qf8 39.b6 Ra8 40.Kg2 Qxh6 41.Qxf7+ Kh8 42.Qf6+ Kg8 43.Qe6+  1-0

[Event "Graz op"]
[Site "Graz"]
[Date "1996.??.??"]
[Round "?"]
[White "Wolfmajer, Wolfgang"]
[Black "Peisser, Manfred"]
[Result "0-1"]
[WhiteElo "2035"]
[BlackElo "2205"]

1.c4 e6 2.Nf3 d5 3.g3 Nf6 4.b3 c6 5.Bg2 Be7 6.e3 O-O 7.O-O Nbd7 8.Bb2 b6
9.Nc3 Ba6 10.d3 Rc8 11.Rc1 c5 12.Re1 dxc4 13.dxc4 Qc7 14.Qc2 Rcd8 15.Rcd1 Nb8
16.Ne2 Bb7 17.Be5 Qc8 18.Ng5 g6 19.Bb2 Bxg2 20.Kxg2 Rxd1 21.Rxd1 Qc6+ 22.Kg1 Rd8
23.Rxd8+ Bxd8 24.Qc3 h6 25.h4 hxg5 26.hxg5 Nbd7 27.Nf4 e5 28.gxf6 exf4  0-1

[Event "Koop Tjuchem op"]
[Site "Groningen"]
[Date "1996.??.??"]
[Round "8"]
[White "Psakhis, Lev"]
[Black "Jonkman, Harmen"]
[Result "1/2-1/2"]
[WhiteElo "2590"]
[BlackElo "2325"]

1.c4 e6 2.Nf3 d5 3.b3 Nf6 4.g3 Be7 5.Bg2 O-O 6.O-O c5 7.e3 b6 8.Bb2 Bb7 9.Qe2 Nc6
10.Rd1 Qc7 11.Nc3 Rad8 12.Rac1 Qb8 13.cxd5 Nxd5 14.Nxd5 Rxd5 15.d4 Rdd8 16.dxc5 Bxc5
17.Ng5 h6 18.Ne4 Be7 19.Nd2 Na5 20.Bxb7 Nxb7 21.Qg4 e5 22.Nf3 Bf6 23.Qf5 Rfe8
24.Rxd8 Nxd8 25.Rc8 Qd6 26.Bxe5 Bxe5 27.Nxe5 Rxe5 28.Rxd8+ Qxd8 29.Qxe5 g6
30.Kg2 h5 31.h4 Qd7 32.e4 Qd3 33.Qd5 Qe2 34.a4 Kg7 35.Qd4+ Kg8 36.b4 Qc2
37.a5 bxa5 38.bxa5 a6 39.Kf3 Qb3+ 40.Kf4 Qb8+ 41.Kg5 Qc8 42.f4 Kh7 43.Qd6 Kg7
44.Qf6+ Kg8 45.e5 Qc5 46.Qd6 Qc8 47.Kh6 Qe8 48.Qc7 Qf8+ 49.Kg5 Kg7 50.Qb6 Qc8
51.Qf6+ Kg8 52.g4 hxg4 53.e6 Qxe6 54.Qxe6 fxe6 55.Kxg4 Kf7 56.Kf3 Kf6 57.Ke4 Kf7
58.Kd4 Kf6 59.Kc5 Kf5 60.Kd6 Kxf4 61.Kxe6 Kg4 62.Kf6 Kh5 63.Kf7 g5 64.hxg5 Kxg5
65.Ke6 Kg6 66.Kd6  1/2-1/2

[Event "Helsinki-ch "]
[Site "Helsinki"]
[Date "1996.??.??"]
[Round "?"]
[White "Pihlajasalo, Antti"]
[Black "Kytoniemi, Jyrki"]
[Result "0-1"]
[WhiteElo "2190"]
[BlackElo "2220"]

1.Nf3 e6 2.c4 d5 3.d4 Be7 4.Nc3 Nf6 5.Bg5 O-O 6.e3 c6 7.Rc1 Nbd7 8.Qc2 a6
9.Bd3 h6 10.Bxf6 Bxf6 11.O-O dxc4 12.Bxc4 e5 13.Ne4 exd4 14.Nxf6+ Qxf6 15.Nxd4 b5
16.Bb3 c5 17.Bd5 Ra7 18.Nf3 Rc7 19.e4 Nb6 20.e5 Qe7 21.Be4 Be6 22.Rfd1 Rd8
23.h3 Bc4 24.b3 Be6 25.Qc3 Nd5 26.Qa5 Nf4 27.Kh2 Rxd1 28.Rxd1 Bc8 29.Rd6 Ne6
30.Qd2 c4 31.bxc4 bxc4 32.Qc3 Nf8 33.Rd4 Be6 34.Bd5 Nd7 35.Rxc4 Rxc4 36.Qxc4 Nb6
37.Qxa6 Nxd5 38.a4 Kh7 39.Qd3+ g6 40.a5 Qa7 41.Qd2 Qb8 42.Qd4 Qb5 43.Qa1 Nb4
44.h4 Qe2 45.Qd4 Qc4 46.h5 gxh5 47.Qd8 Qf4+ 48.Kg1 Qc1+ 49.Kh2 Qf4+ 50.Kg1 Nc6
51.Qc7 Qa4 52.Nh4 Qa1+ 53.Kh2 Qxe5+  0-1

[Event "NLD-chT9697"]
[Site "Holland"]
[Date "1996.??.??"]
[Round "?"]
[White "Deleyn, Gunter"]
[Black "Kuijf, Marinus"]
[Result "0-1"]
[WhiteElo "2275"]
[BlackElo "2470"]

1.c4 e6 2.Nf3 d5 3.b3 Nf6 4.g3 a5 5.Bg2 Be7 6.O-O O-O 7.Bb2 c6 8.Na3 Re8
9.Qc1 a4 10.d4 Nbd7 11.Rd1 Qa5 12.Ne5 Nxe5 13.dxe5 Nd7 14.Rd4 axb3 15.axb3 Qb6
16.cxd5 Bc5 17.dxc6 bxc6  0-1

[Event "NLD-chT9697"]
[Site "Holland"]
[Date "1996.??.??"]
[Round "?"]
[White "De Jager, Jaap"]
[Black "Kuijf, Marinus"]
[Result "0-1"]
[WhiteElo "2205"]
[BlackElo "2470"]

1.c4 e6 2.Nf3 d5 3.b3 Nf6 4.g3 a5 5.Nc3 c6 6.d4 a4 7.c5 axb3 8.Qxb3 Nbd7
9.Bf4 b6 10.cxb6 Ra3 11.Qc2 Qxb6 12.Bd2 Bb4 13.Rb1 Rxc3 14.Qa4 Ba5  0-1

[Event "HUN-chT1 9596"]
[Site "HUN"]
[Date "1996.??.??"]
[Round "7"]
[White "Mann, Gerald"]
[Black "Nemeth, Zoltan"]
[Result "0-1"]
[WhiteElo "2350"]
[BlackElo "2380"]

1.c4 e6 2.Nf3 d5 3.g3 c6 4.b3 f5 5.Bb2 Nf6 6.Bg2 b5 7.Qc2 bxc4 8.bxc4 Bd6
9.O-O O-O 10.d3 Qe7 11.Nbd2 e5 12.Rac1 Na6 13.Nb3 Nb4 14.Qb1 Rb8 15.Qa1 d4
16.a3 Na6 17.Nbxd4 exd4 18.Nxd4 Bd7 19.Bxc6 Nc5 20.Qa2 Bxc6 21.Nxc6 Qxe2
22.Nb4 a5 23.Rce1 Qf3 24.Bxf6 axb4 25.Ba1 b3 26.Qb2 Rf7 27.Re3 Qc6 28.Qd4 f4
29.Re2 Bf8 30.Rfe1 f3 31.Re3 Qc8 32.Qe5 b2 33.Bxb2 Rxb2 34.Qxb2 Qh3  0-1

[Event "HUN-chT1 9596"]
[Site "HUN"]
[Date "1996.??.??"]
[Round "12"]
[White "Fancsy, Imre"]
[Black "Koczka, Zsolt"]
[Result "1/2-1/2"]
[WhiteElo "2365"]
[BlackElo "2310"]

1.c4 e6 2.Nf3 d5 3.g3 Nf6 4.Bg2 Be7 5.O-O O-O 6.d4 b6 7.Ne5 Bb7 8.Nc3 Nbd7
9.cxd5 Nxd5 10.Nxd5 exd5 11.Nd3 Nf6 12.Bg5 h6 13.Bxf6 Bxf6 14.e3 Qd6 15.Rc1 Rfd8
16.Qc2 c6 17.Rfd1 Rac8 18.b4 Ba6 19.Qa4 Bc4 20.Qxa7 b5 21.Qa3 Ra8 22.Qc3 Rxa2
23.Nc5 Rda8 24.Ra1 Qc7 25.Rxa2 Rxa2 26.Ra1 Qa7 27.Rxa2 Qxa2 28.h4  1/2-1/2

[Event "Ischia"]
[Site "Ischia"]
[Date "1996.??.??"]
[Round "2"]
[White "Ftacnik, Lubomir"]
[Black "Godena, Michele"]
[Result "1/2-1/2"]
[WhiteElo "2585"]
[BlackElo "2485"]

1.c4 e6 2.Nf3 d5 3.d4 c6 4.Qc2 Nf6 5.g3 Be7 6.Bg2 O-O 7.O-O b6 8.b3 Nbd7
9.Rd1 Ba6 10.a4 Rc8 11.a5 c5 12.axb6 Qxb6 13.Qa2 Bb7 14.Be3 dxc4 15.bxc4 cxd4
16.Nxd4 Bc5 17.Bxb7 Qxb7 18.Nc2 Ne5 19.Nd2 Ne4 20.Nxe4 Qxe4 21.Bxc5 Rxc5
22.Qxa7 Rxc4  1/2-1/2

[Event "ISR-chT"]
[Site "Israel"]
[Date "1996.??.??"]
[Round "2"]
[White "Bruk, Ofer"]
[Black "Ravia, Mosi"]
[Result "1/2-1/2"]
[WhiteElo "2430"]
[BlackElo "2330"]

1.Nf3 e6 2.c4 d5 3.d4 Nf6 4.Nc3 c5 5.cxd5 Nxd5 6.Nxd5 Qxd5 7.Be3 cxd4 8.Qxd4 Qxd4
9.Nxd4 Bb4+ 10.Bd2 Bxd2+ 11.Kxd2 Bd7 12.e4  1/2-1/2

[Event "ISR-chT"]
[Site "Israel"]
[Date "1996.??.??"]
[Round "5"]
[White "Slutzky, Leonid"]
[Black "Tyomkin, Dimitri"]
[Result "1/2-1/2"]
[WhiteElo "2350"]
[BlackElo "2340"]

1.c4 e6 2.Nf3 d5 3.d4 c6 4.e3 Nf6 5.Bd3 Nbd7 6.Nbd2 Bd6 7.O-O O-O 8.e4 e5
9.cxd5 cxd5 10.exd5 exd4 11.Ne4 Nxe4 12.Bxe4 Nf6 13.Qxd4 Nxe4 14.Qxe4 Re8
15.Qd4 Bf5 16.Bg5 Qa5 17.Bd2 Qb5 18.Bc3 Bf8 19.Rfe1 Rxe1+ 20.Rxe1 Rd8 21.Qxa7 Qxd5
22.Qd4 Qxd4 23.Nxd4 Bd3 24.Rd1 Ba6 25.Rd2 Rc8 26.Nc2 h6 27.h3 Bc5 28.Bd4 Bf8
29.Bc3 Bc5 30.Bd4 Bf8 31.Ne3 Kh7 32.Bc3 Kg6 33.Rd4 h5 34.Bb4 Bxb4 35.Rxb4 Rd8
36.Rb6+ f6 37.b4 Be2 38.Rxb7 Ra8 39.Nd5 Rxa2 40.Nf4+ Kh6 41.Ne6 g5 42.Nf8 Bd3
43.Nd7 Ra1+ 44.Kh2 Ra2 45.Rb6 Kg7 46.Nxf6 Rxf2 47.Nxh5+ Kf7 48.Kg3 Rb2 49.Nf6 Bf1
50.Ne4 Rxg2+ 51.Kf3 Rb2 52.Nxg5+ Ke7 53.Ke4 Kd7 54.h4 Kc7 55.Rh6 Rxb4+ 56.Ke5 Rb5+
57.Kf6 Be2 58.Ne6+ Kd6 59.Nd4 Rh5 60.Nf5+ Kd7 61.Rg6 Bd3 62.Rg5 Rh8  1/2-1/2

[Event "ISR-chT"]
[Site "Israel"]
[Date "1996.??.??"]
[Round "11"]
[White "Berkovich, Mark A"]
[Black "Tyomkin, Dimitri"]
[Result "1/2-1/2"]
[WhiteElo "2390"]
[BlackElo "2340"]

1.c4 e6 2.Nf3 d5 3.b3 Nf6 4.Bb2 Nbd7 5.g3 Bd6 6.Bg2 O-O 7.O-O c6 8.d4 Ne4
9.Nc3 f5 10.e3 Qe7 11.Ne1 b6 12.Nd3 Nxc3 13.Bxc3 Ba6 14.cxd5 cxd5 15.Qd2 Rfc8
16.a4 Nf6 17.f3 Rc6 18.Rfd1 Rac8  1/2-1/2